LIBRARY ONLINE CATALOGUE

Effects of internal control on financial performance of saccos (Record no. 16495)

MARC details
000 -LEADER
fixed length control field 01122cam a22002172 4500
001 - CONTROL NUMBER
control field 0000025015
003 - CONTROL NUMBER IDENTIFIER
control field OSt
005 - DATE AND TIME OF LATEST TRANSACTION
control field 20170919095656.0
008 - FIXED-LENGTH DATA ELEMENTS--GENERAL INFORMATION
fixed length control field 140416s xx 000 0 eng d
040 ## - CATALOGING SOURCE
Original cataloging agency KABU
Transcribing agency KABU
050 ## - LIBRARY OF CONGRESS CALL NUMBER
Classification number The HG2039
Item number .K4M37 2016 C.1
100 1# - MAIN ENTRY--PERSONAL NAME
Personal name Marita, Ruth Mwango
245 13 - TITLE STATEMENT
Title Effects of internal control on financial performance of saccos
Remainder of title a survey of saccos in Nakuru county,Kenya
Statement of responsibility, etc. Ruth Mwango Marita
260 ## - PUBLICATION, DISTRIBUTION, ETC. (IMPRINT)
Place of publication, distribution, etc. Nakuru :
Name of publisher, distributor, etc. Kabarak University,
Date of publication, distribution, etc. 2016.
300 ## - PHYSICAL DESCRIPTION
Extent x, 72 leaves
502 ## - DISSERTATION NOTE
Dissertation note Thesis (MBA) - Kabarak University, 2016.
650 #0 - SUBJECT ADDED ENTRY--TOPICAL TERM
Topical term or geographic name as entry element Savings and credit cooperative soccietes
Geographic subdivision Kenya.
650 #0 - SUBJECT ADDED ENTRY--TOPICAL TERM
Topical term or geographic name as entry element Co-operative societies
Form subdivision Finance
908 ## - PUT COMMAND PARAMETER (RLIN)
Put command parameter 140416
942 ## - ADDED ENTRY ELEMENTS (KOHA)
Source of classification or shelving scheme Library of Congress Classification
Koha item type Thesis, Dissertation and Projecs
Classification part The HG2039 .K4M37 2016
Call number prefix The
Holdings
Withdrawn status Lost status Source of classification or shelving scheme Not for loan Home library Current library Date acquired Inventory number Total Checkouts Full call number Barcode Date last seen Date last checked out Copy number Price effective from Koha item type
    Library of Congress Classification   Kabarak, Main Campus Kabarak, Main Campus 19/09/2017 2017/0054 2 The HG2039 .K4M37 2016 C.1 027188 15/02/2019 15/02/2019 C.1 19/09/2017 Thesis, Dissertation and Projecs
    Library of Congress Classification   Kabarak, Main Campus Kabarak, Main Campus 19/09/2017 2017/0054 6 The HG2039 .K4M37 2016 C.2 027260 27/11/2025 03/07/2025 C.2 19/09/2017 Thesis, Dissertation and Projecs
    Library of Congress Classification   Kabarak, Main Campus Kabarak, Main Campus 19/09/2017     The HG2039 .K4M37 2016 C.1   19/09/2017     19/09/2017 Thesis, Dissertation and Projecs
    Library of Congress Classification   Kabarak, Main Campus Kabarak, Nakuru City Campus 19/09/2017   8 KTC The HG2039 .K4M37 2016 C.1 027201 17/10/2022 05/09/2022 C.1 19/09/2017 Thesis, Dissertation and Projecs